All 1M Cities Starting with “Z” to Country - Statistics

General Stats
  • This quiz has been taken 210 times
  • The average score is 9 of 9
Answer Stats
City Country % Correct
Zhangjiakou China
100%
Zhanjiang China
100%
Zhengzhou China
100%
Zhenjiang China
100%
Zhuhai China
100%
Zhuzhou China
100%
Zibo China
98%
Zunyi China
98%
Zurich Switzerland
97%
No matching quizzes found
Score Distribution
Percent of People with Each Score
Percentile by Number Answered
Your Score History
You have not taken this quiz